[Event "New Delhi Skillcraft op 1st"]
[Site "New Delhi"]
[Date "2024.11.17"]
[Round "4"]
[White "Amartya, Saumitra Gupta"]
[Black "Arpan, Das"]
[Result "1/2-1/2"]
[WhiteElo "1781"]
[BlackElo "2084"]
[PlyCount "84"]
[EventDate "2024.11.16"]
[EventType "swiss"]
[EventRounds "9"]
[EventCountry "IND"]
[SourceTitle "CB47_2024"]
[SourceDate "2024.11.20"]
[SourceVersion "1"]
[SourceVersionDate "2024.11.20"]
[SourceQuality "1"]

1. e4 e5 2. Nf3 Nc6 3. Bc4 Nf6 4. d3 Be7 5. 0-0 0-0 6. Re1 d6 7. a4 Na5 8. Ba2 c5 9. Nbd2 Nc6 10. Nf1 h6 11. Ng3 Re8 12. c3 Bf8 13. h3 d5 14. Qe2 Be6 15. Nh2 Qd7 16. Qf3 Rad8 17. Bxh6 dxe4 18. dxe4 Bxa2 19. Rxa2 Qe6 20. Bg5 Qxa2 21. Bxf6 Rd6 22. Ng4 Qxb2 23. Nf5 Qd2 24. Nxd6 Qxe1+ 25. Kh2 Bxd6 26. Nh6+ Kf8 27. Nf5 g6 28. Bg7+ Kg8 29. Nxd6 Re7 30. Qf6 Qd2 31. Bf8 Qf4+ 32. Qxf4 exf4 33. Bxe7 Nxe7 34. Nxb7 c4 35. Nd6 Kg7 36. e5 Nd5 37. Nxc4 Nxc3 38. a5 Ne4 39. Kg1 f6 40. Kf1 fxe5 41. Nxe5 Kf6 42. Nc6 a6 1/2-1/2

[Event "Guwahati Smart City op"]
[Site "Guwahati"]
[Date "2024.07.02"]
[Round "1"]
[White "Bharali, Piyush"]
[Black "Arpan, Das"]
[Result "0-1"]
[WhiteElo "1416"]
[BlackElo "2050"]
[PlyCount "94"]
[EventDate "2024.07.02"]
[EventType "swiss"]
[EventRounds "10"]
[EventCountry "IND"]
[SourceTitle "CBM 221 Extra"]
[Source "ChessBase"]
[SourceDate "2024.09.30"]
[SourceVersion "1"]
[SourceVersionDate "2024.09.30"]
[SourceQuality "1"]

1. e4 c5 2. Nf3 d6 3. d4 cxd4 4. Nxd4 Nf6 5. Nc3 g6 6. Be3 a6 7. f3 b5 8. a3 Bb7 9. Qd2 Nbd7 10. Bd3 Bg7 11. Bh6 Bxh6 12. Qxh6 Qb6 13. Nde2 Ne5 14. Qd2 0-0 15. Nf4 e6 16. Nh3 Kg7 17. Qf2 Qxf2+ 18. Nxf2 Rac8 19. 0-0 Rfd8 20. Rfd1 g5 21. h3 h5 22. Be2 Ng6 23. Kh2 Nf4 24. Bd3 h4 25. Ng4 Nxg4+ 26. hxg4 d5 27. g3 hxg3+ 28. Kxg3 d4 29. Na2 a5 30. Rac1 Ba6 31. Rd2 Rh8 32. Rh2 Rxh2 33. Kxh2 Rh8+ 34. Kg1 Rh3 35. Rf1 Kf6 36. Nc1 Ke5 37. Ne2 Nxd3 38. cxd3 b4 39. Nc1 Kf4 40. Ne2+ Ke3 41. Rf2 Bxd3 42. Nc1 Bc4 43. b3 Ba6 44. axb4 axb4 45. Kg2 Rh2+ 46. Kxh2 Kxf2 47. Na2 d3 0-1

[Event "Jaipur op 1st"]
[Site "Jaipur"]
[Date "2024.06.01"]
[Round "8"]
[White "Arpan, Das"]
[Black "Deboushnik, De"]
[Result "1/2-1/2"]
[WhiteElo "2038"]
[BlackElo "1827"]
[PlyCount "74"]
[EventDate "2024.05.29"]
[EventType "swiss"]
[EventRounds "9"]
[EventCountry "IND"]
[SourceTitle "CBM 220 Extra"]
[Source "ChessBase"]
[SourceDate "2024.07.31"]
[SourceVersion "1"]
[SourceVersionDate "2024.07.31"]
[SourceQuality "1"]

1. d4 Nf6 2. c4 e6 3. Nc3 Bb4 4. e3 0-0 5. Bd3 d5 6. Nge2 dxc4 7. Bxc4 c5 8. 0-0 cxd4 9. exd4 Nc6 10. Bg5 h6 11. Bh4 Be7 12. Qd2 b6 13. Rad1 Bb7 14. Bd3 Nb4 15. Bb1 Nbd5 16. Qd3 g6 17. Bg3 Nxc3 18. Nxc3 Nd5 19. Ne4 Nf6 20. Qe3 Nxe4 21. Bxe4 Bxe4 22. Qxe4 Qd5 23. Qxd5 exd5 24. Rfe1 Bf6 25. Be5 Kg7 26. f4 Rac8 27. Rc1 g5 28. g3 Bxe5 29. dxe5 gxf4 30. gxf4 Kg6 31. Kf2 Kf5 32. Kf3 Rc5 33. Rxc5 bxc5 34. Rc1 c4 35. Rc3 Rb8 36. Ra3 f6 37. exf6 Kxf6 1/2-1/2

[Event "Jaipur op 1st"]
[Site "Jaipur"]
[Date "2024.05.30"]
[Round "4"]
[White "Arpan, Das"]
[Black "Avhad, Prajwal"]
[Result "1-0"]
[WhiteElo "2038"]
[BlackElo "1762"]
[PlyCount "83"]
[EventDate "2024.05.29"]
[EventType "swiss"]
[EventRounds "9"]
[EventCountry "IND"]
[SourceTitle "CBM 220 Extra"]
[Source "ChessBase"]
[SourceDate "2024.07.31"]
[SourceVersion "1"]
[SourceVersionDate "2024.07.31"]
[SourceQuality "1"]

1. d4 Nf6 2. c4 g6 3. g3 Bg7 4. Bg2 0-0 5. Nc3 d6 6. Nf3 c6 7. 0-0 Qb6 8. b3 Qa6 9. e4 b5 10. cxb5 cxb5 11. e5 Ne8 12. Bg5 f6 13. exf6 exf6 14. b4 fxg5 15. Nxg5 Bb7 16. Qb3+ Kh8 17. Nf7+ Rxf7 18. Qxf7 Nc6 19. Nd5 Nxd4 20. Rfe1 Qc6 21. Nf4 d5 22. Bxd5 Nd6 23. Bxc6 Nxf7 24. Bxb7 Rb8 25. Rad1 Nd6 26. Ne6 N6f5 27. Bg2 Nc2 28. Nxg7 Kxg7 29. Re4 Rc8 30. Rc1 Nd6 31. Re7+ Kf6 32. Rd7 Ke6 33. Bh3+ Nf5 34. Bxf5+ gxf5 35. Rd2 Rc4 36. Rcxc2 Rxb4 37. Rc6+ Ke5 38. f4+ Ke4 39. Kf2 Rd4 40. Re6+ Kd5 41. Re5+ Kc4 42. Rxd4+ 1-0

[Event "Kolkata Rapid op"]
[Site "Kolkata"]
[Date "2024.05.06"]
[Round "10"]
[White "Sanket, Chakravarty"]
[Black "Arpan, Das"]
[Result "1-0"]
[WhiteElo "2227"]
[BlackElo "1923"]
[PlyCount "80"]
[EventDate "2024.05.04"]
[EventType "swiss (rapid)"]
[EventRounds "11"]
[EventCountry "IND"]
[SourceTitle "CBM 220 Extra"]
[Source "ChessBase"]
[SourceDate "2024.07.31"]
[SourceVersion "1"]
[SourceVersionDate "2024.07.31"]
[SourceQuality "1"]

1. e4 e5 2. Nf3 Nc6 3. Bc4 Nf6 4. d3 Be7 5. Nc3 d6 6. a4 0-0 7. 0-0 Bg4 8. h3 Bh5 9. Be3 Nd4 10. Bxd4 exd4 11. Ne2 d5 12. Bb3 Bxf3 13. gxf3 Bd6 14. Ng3 Nh5 15. Nxh5 Qg5+ 16. Ng3 Bxg3 17. fxg3 Qxg3+ 18. Kh1 Qxh3+ 19. Kg1 Qg3+ 20. Kh1 Rad8 21. Qd2 Rd6 22. Qh2 Qg5 23. f4 Qe7 24. Rf3 dxe4 25. Rh3 exd3 26. cxd3 h6 27. Rg1 Kh7 28. Rhg3 Rg8 29. Qh5 g6 30. Qe5 Qd7 31. Re1 Rg7 32. Re2 Qc6+ 33. Kh2 Rf6 34. Bd5 Qb6 35. a5 Qd6 36. Qxd6 cxd6 37. Rf3 Rf5 38. Bxb7 Rxa5 39. f5 gxf5 40. Bc8 Kg6 1-0

[Event "Kolkata DBCA op 4th"]
[Site "Kolkata"]
[Date "2023.10.02"]
[Round "6"]
[White "Kaustuv, Kundu"]
[Black "Arpan, Das"]
[Result "1-0"]
[WhiteElo "2432"]
[BlackElo "1975"]
[PlyCount "47"]
[EventDate "2023.09.29"]
[EventType "swiss"]
[EventRounds "9"]
[EventCountry "IND"]
[SourceTitle "EXT 2025"]
[Source "ChessBase"]
[SourceDate "2024.10.14"]
[SourceVersion "1"]
[SourceVersionDate "2024.10.14"]
[SourceQuality "1"]

1. e4 e5 2. Nf3 Nc6 3. Bc4 Bc5 4. c3 Nf6 5. d3 a6 6. a4 Bb6 7. Nbd2 h6 8. 0-0 0-0 9. Re1 Ng4 10. Re2 Kh8 11. h3 f5 12. Bb3 fxe4 13. dxe4 Nf6 14. Nc4 Ba7 15. Ncxe5 Nxe5 16. Nxe5 Qe8 17. Nd3 d6 18. e5 dxe5 19. Rxe5 Bxf2+ 20. Kh1 Qg6 21. Nxf2 Qg3 22. Qe1 Bd7 23. Qe3 Qh4 24. g3 1-0

[Event "Kolkata DBCA op 4th"]
[Site "Kolkata"]
[Date "2023.10.01"]
[Round "4"]
[White "Atrinjay, Saha"]
[Black "Arpan, Das"]
[Result "0-1"]
[WhiteElo "1521"]
[BlackElo "1975"]
[PlyCount "100"]
[EventDate "2023.09.29"]
[EventType "swiss"]
[EventRounds "9"]
[EventCountry "IND"]
[SourceTitle "EXT 2025"]
[Source "ChessBase"]
[SourceDate "2024.10.14"]
[SourceVersion "1"]
[SourceVersionDate "2024.10.14"]
[SourceQuality "1"]

1. e4 c6 2. d4 d5 3. f3 dxe4 4. fxe4 e5 5. Nf3 Bg4 6. c3 Nd7 7. Be2 Bd6 8. Be3 Ngf6 9. Nbd2 Qe7 10. Qc2 0-0 11. 0-0 Rfe8 12. Bd3 b5 13. h3 Bxf3 14. Rxf3 a6 15. Raf1 Rac8 16. Qd1 h6 17. Rf5 exd4 18. cxd4 c5 19. Kh1 cxd4 20. Bxd4 Be5 21. Bf2 Bxb2 22. Bh4 Rc1 23. Qb3 Rxf1+ 24. Nxf1 Bd4 25. Nd2 Rc8 26. Rf1 Rc3 27. Qb1 g5 28. Be1 Nc5 29. Bc2 Re3 30. Nf3 Bc3 31. Bxc3 Rxc3 32. Nd4 Nfxe4 33. Nf5 Ng3+ 34. Nxg3 Rxg3 35. Bd1 Nd3 36. Bf3 Qe3 37. Qc2 Ne5 38. Bd5 Qd3 39. Qf2 Rxh3+ 40. gxh3 Qxd5+ 41. Kh2 Nd3 42. Qg2 Qe5+ 43. Kh1 Nf4 44. Qf3 Qe6 45. Rd1 Qxa2 46. Rd8+ Kg7 47. Qc3+ f6 48. Rd7+ Kg6 49. Rd2 Qb1+ 50. Kh2 Qe4 0-1

[Event "Kolkata DBCA op 4th"]
[Site "Kolkata"]
[Date "2023.09.30"]
[Round "2"]
[White "Ishan, Sinha"]
[Black "Arpan, Das"]
[Result "0-1"]
[WhiteElo "1335"]
[BlackElo "1975"]
[PlyCount "84"]
[EventDate "2023.09.29"]
[EventType "swiss"]
[EventRounds "9"]
[EventCountry "IND"]
[SourceTitle "EXT 2025"]
[Source "ChessBase"]
[SourceDate "2024.10.14"]
[SourceVersion "1"]
[SourceVersionDate "2024.10.14"]
[SourceQuality "1"]

1. e4 c5 2. Nf3 d6 3. d4 cxd4 4. Nxd4 Nf6 5. Nc3 g6 6. Be3 a6 7. f3 b5 8. Qd2 Bb7 9. 0-0-0 h5 10. h4 Nbd7 11. Qf2 Bg7 12. g3 Rc8 13. Bh3 Rxc3 14. bxc3 Qa5 15. Nb3 Qxa2 16. Bd4 e6 17. Kd2 Bxe4 18. Ke1 Bxc2 19. Na1 Bb1 20. Qxa2 Bxa2 21. Kf2 Bd5 22. Nc2 Ke7 23. Nb4 Bb7 24. Ra1 Ra8 25. Rhb1 Ne5 26. f4 Nc4 27. Ke1 Be4 28. Rb3 a5 29. Na2 a4 30. Rxb5 Na3 31. Rb2 Nc2+ 32. Rxc2 Bxc2 33. Bg2 Rc8 34. Nb4 Bb3 35. Bb7 Rc7 36. Bc6 Ne8 37. Bxa4 Rxc3 38. Bxg7 Nxg7 39. Nc6+ Kf6 40. Bxb3 Rxc6 41. Ra7 Rc3 42. Ba4 Rxg3 0-1